| 000 | 00509nam a2200157 i 4500 | ||
|---|---|---|---|
| 001 | 25939 | ||
| 003 | ES-MaACL | ||
| 005 | 20230906153346.0 | ||
| 007 | t| | ||
| 008 | 030107s1960 sp ||||1| spa d | ||
| 110 | 2 |
_aAsociación para la Prevención de Accidentes. _91778 |
|
| 245 | 1 | 0 |
_aSeminario de seguridad en el trabajo / _cAsociación para la Prevención de Accidentes. |
| 260 |
_aSan Sebastián : _b[s.n., _c1960] ( _fImp. Nerecan) |
||
| 300 |
_a8 p. ; _c26 cm. |
||
| 852 |
_aES-MaACL _j2028-F-15 _bR.48798 |
||
| 999 |
_c25939 _d25939 |
||